Получение питьевой воды на основе импульсной высоковольтной обработки; Современные техника и технологии

Dades bibliogràfiques
Parent link:Современные техника и технологии.— 1997.— С. 43-44.
Autor principal: Дульзон А. А. Альфред Андреевич
Altres autors: Абабий В. Д., Головнина С. В.
Idioma:rus
Publicat: 1997
Matèries:
Format: MixedMaterials Capítol de llibre
KOHA link:https://koha.lib.tpu.ru/cgi-bin/koha/opac-detail.pl?biblionumber=50227

MARC

LEADER 00000naa2a2200000 4500
001 50227
005 20240705160048.0
035 |a (RuTPU)RU\TPU\book\52594 
035 |a RU\TPU\book\52570 
090 |a 50227 
100 |a 20030411d1997 k y0rusy50 ca 
101 0 |a rus 
102 |a RU 
200 1 |a Получение питьевой воды на основе импульсной высоковольтной обработки  |f А. А. Дульзон, В. Д. Абабий, С. В. Головнина 
463 1 |0 (RuTPU)RU\TPU\book\13018  |t Современные техника и технологии  |o труды 3-ей областной научно-практической конференции студентов, аспирантов и молодых ученых, Томск, 25-28 марта 1997 г.   |f Томский политехнический университет  |v С. 43-44.  |d 1997  |p 148 с. 
610 1 |a труды учёных ТПУ 
675 |a 62.001.5(063)  |v 3 
700 1 |a Дульзон  |b А. А.  |c специалист в области техники высоких напряжений, управления проектами, управления персоналом  |c профессор Томского политехнического университета, доктор технических наук  |f 1937-2019  |g Альфред Андреевич  |3 (RuTPU)RU\TPU\pers\21958  |9 9277 
701 1 |a Абабий  |b В. Д. 
701 1 |a Головнина  |b С. В. 
801 1 |a RU  |b 63413507  |c 20030409  |g PSBO 
801 2 |a RU  |b 63413507  |c 20111121  |g PSBO 
942 |c BK